Words of Jesus on the cross - Statistics

General Stats
  • This quiz has been taken 70 times
  • The average score is 5 of 7
Answer Stats
Hint Answer % Correct
Father, _______ ____; for they know not what they do. forgive them
100%
My God, my God, why hast thou ________ me? forsaken
88%
Verily I say unto thee, To day shalt thou be with me in ________. paradise
78%
Father, into thy hands I commend my ______. spirit
72%
It is ________ finished
63%
Woman, behold thy ___! son
58%
I ______ thirst
38%
No matching quizzes found
Score Distribution
Percent of People with Each Score
Percentile by Number Answered
Your Score History
You have not taken this quiz